| 000 | 01743cam a22004334a 4500 | ||
|---|---|---|---|
| 001 | 43632240 | ||
| 003 | PE-LiUPU | ||
| 005 | 20250731173603.0 | ||
| 008 | 000612s2000 enk b 001 0 eng | ||
| 020 | _a184127089X (alk. paper) | ||
| 040 |
_aDLC _cPE-LiUPU _dPE-LiUPU _bspa _erda |
||
| 042 | _apcc | ||
| 049 | _aEXNs | ||
| 050 | 0 | 0 |
_aBT303.2 _b.P67 2000 |
| 082 | 0 | 0 |
_a232.908 _bP848c _223 |
| 100 | 1 |
_aPorter, Stanley E., _d1956- _eautor. |
|
| 245 | 1 | 4 |
_aThe criteria for authenticity in historical-Jesus research : _bprevious discussion and new proposals / _cStanley E. Porter. |
| 264 |
_aSheffield, England : _bSheffield Academic Press, _cc2000. |
||
| 300 |
_a299 páginas ; _c25 cm. |
||
| 440 | 0 |
_aJournal for the study of the New Testament. Supplement series ; _v191. |
|
| 504 | _aIncluye referencias bibliográficas e índice. | ||
| 505 | _aThe 'third quest' for the historical Jesus and the criteria for autenticity -- Historical development of the criteria for authenticity and the rise of form (and redaction) criticism -- Recent developments in hte criteria for authenticity -- The criterion of greek language and its centext -- The criterion of greek textual variance -- The criterion of discourse features. | ||
| 526 | _aSEG42 | ||
| 526 | _aSEG41 | ||
| 526 | _aSEG40 | ||
| 526 | _aSEG39 | ||
| 526 | _aP94 | ||
| 526 | _aP87 | ||
| 526 | _aP86 | ||
| 526 | _aP85 | ||
| 526 | _aP77 | ||
| 526 | _aP76 | ||
| 526 | _aP35 | ||
| 600 | 0 |
_aJesucristo _xHistoricidad. _95046 |
|
| 630 | 1 | 4 |
_aBiblia _pNuevo testamento _xLenguaje y estilo. _95047 |
| 650 | 2 | 4 |
_aGriego Bíblico _9247 |
| 942 |
_2ddc _cBK _n0 |
||
| 999 |
_c62858 _d62857 |
||
| 980 |
_618226 _aJaime Vilcazán Jefe de Análisis Documental _81 _gALBERTO SANCHEZ Responsable de Automatización |
||